• 首页
  • 本馆介绍
  • 公告通知
  • 最新文献
  • 馆藏检索
  • 电子资源
  • 读者导购
  • 参考咨询
  • 我的图书馆
  • 登录
  • 详细信息显示
  • 放入我的书架
  • 预约/预借图书
  • 作者相关作品
  • 分类相关作品
  • 丛书相关作品
  • 出版社相关作品

书目信息

  • 表格格式
  • 工作单格式
  • 卡片格式
题名:
东北相声选
    
 
作者: ;辽宁人民出版社 编
分册:  
出版信息: 哈尔滨   黑龙江人民出版社  1980
页数: 239页
开本: 19cm
丛书名:
单 册:
中图分类: I239.77
科图分类:
主题词: 相声--中国--现代--选集
电子资源:
ISBN:
000 00653nam0 2200229 45
001 0180007016
005 20060804110110.93
010    @dCNY0.58
091    @aCN@b8093.616
100    @a19960215d1980 em y0chiy0121 ea
101 0  @achi
102    @aCN@b230000
105    @ay z 000zy
200 10 @a东北相声选@Adong bei xiang sheng xuan@e1949-1979@f辽宁人民出版社等编
210    @a哈尔滨@c黑龙江人民出版社@d1980
215    @a239页@d19cm
300    @a东北相声选集
606    @a相声@y中国@z现代@x选集
690    @aI239.77@v3
711 02 @a辽宁人民出版社@Aliao ning ren min chu ban she@4编
801  0 @aCN@bTSSF@c20060804
905    @a10447@dI239.77@e87
    
    东北相声选:1949-1979/辽宁人民出版社等编.-哈尔滨:黑龙江人民出版社,1980
    239页;19cm
    东北相声选集
    
    ISBN :CNY0.58
    
●
相关链接 在E读中查询图书 在五车中查询图书 在当当中查询图书 在豆瓣中查询图书


正题名:东北相声选     索取号:I239.77/87         预约/预借

序号 登录号 条形码 馆藏地/架位号 状态 备注
1 0449385   204493850   密集书库/ [索取号:I239.77/87] 在馆    
唐山师范学院图书馆 欢迎您!
大连网信软件有限公司© 版权所有